Butterflies of the neotropical region (Registro nro. 2302)

Detalles MARC
000 -CABECERA
Campo de control 00558nam a2200205 a 4500
005 - FECHA Y HORA DE LA ULTIMA TRANSACCION
Campo de control 20180803165003.0
008 - ELEMENTOS DE LONGITUD FIJA—INFORMACION GENERAL
Campo de control 140305b1981 txu||||| |||| 00| 0 eng d
041 ## - IDIOMA
Código de idioma para texto/pista de sonido o título separado Inglés
044 ## - PAÍS DE PUBLICACIÓN
País de publicación México
090 ## - CLASIFICACIÓN LOCAL
Colección LB
Consecutivo 02125
100 ## - ASIENTO PRINCIPAL--NOMBRE PERSONAL
Nombre personal D' Abrera, Bernal
245 ## - MENCION DE TITULO
Título Butterflies of the neotropical region
260 ## - PUBLICACION, DISTRIBUCION, ETC. (PIE DE IMPRENTA)
Lugar de publicación, distribución, etc. Arlington
Nombre del editor, distribuidor, etc. Lansdowne Editions
Fecha de publicación, distribución, etc. 1981
300 ## - DESCRIPCION FISICA
Extensión 4 vol.
650 ## - ASIENTO SECUNDARIO DE MATERIA - TERMINO TEMATICO
Término temático o nombre geográfico como elemento de entrada Neotrópico
650 ## - ASIENTO SECUNDARIO DE MATERIA - TERMINO TEMATICO
Término temático o nombre geográfico como elemento de entrada Mariposas diurnas
650 ## - ASIENTO SECUNDARIO DE MATERIA - TERMINO TEMATICO
Término temático o nombre geográfico como elemento de entrada Descripciones taxonómicas
650 ## - ASIENTO SECUNDARIO DE MATERIA - TERMINO TEMATICO
Término temático o nombre geográfico como elemento de entrada Inventarios
942 ## - ELEMENTOS ADICIONALES (KOHA)
Tipo de ítem Impreso
Koha issues (borrowed), all copies 6
Sistema de clasificación Local
Existencias
Withdrawn status Lost status Sistema de Clasificación Damaged status No para préstamo Colección Inventariado Ubicación Permanente Ubicación actual Fecha de adquisición Fuente de Valor Total Checkouts Número topográfico Inventario / Código de Barras Date last seen Date checked out Ejemplar Price effective from Forma de adquisición Tipo de material
    Local     Entomología Inventariado 2017 Villa de Leyva Villa de Leyva 04/12/2012 Amazon 1 LB-02125 015235 28/06/2013 25/06/2013 V.1 Ej.1 04/12/2012   Libro
    Local     Entomología Inventariado 2017 Villa de Leyva Villa de Leyva 04/12/2012 Amazon 3 LB-02125 015233 29/05/2015 26/06/2014 V.2 Ej.1 04/12/2012   Libro
    Local     Entomología Inventariado 2017 Villa de Leyva Villa de Leyva 04/12/2012 Amazon 1 LB-02125 015551 04/10/2013 04/10/2013 V.4 Ej.1 04/12/2012   Libro
    Local     Entomología Inventariado 2017 Villa de Leyva Villa de Leyva 04/12/2012 Amazon 1 LB-02125 015236 04/10/2013 04/10/2013 V.6 Ej.1 04/12/2012   Libro